| 000 | 01019nam a22003377a 4500 | ||
|---|---|---|---|
| 001 | 0002802 | ||
| 003 | KOHA_MİRAKIL | ||
| 005 | 20260207001321.0 | ||
| 007 | ta | ||
| 008 | 090309b2003 tu |||gr||||#0|||0|tur | | ||
| 020 | _a9754583862 | ||
| 040 |
_aTR-BiSEU _btur _cTR-BiSEU _erda |
||
| 041 | 0 | _atur | |
| 044 | _ctu | ||
| 050 |
_aDR592 _b.I44 2003 |
||
| 100 | 1 | _aİlhan, Attilâ. | |
| 245 | 1 |
_aHangi Atatürk/ _cAttilâ İlhan ; Attilâ İlhan. |
|
| 264 | 1 |
_aİstanbul : _bTürkiye İş Bankası Kültür Yayınları _c2003 |
|
| 300 | _a426 sayfa; 20 cm. | ||
| 336 |
_ametin _btxt _2rdacontent |
||
| 337 |
_aaracısız _bn _2rdamedia |
||
| 338 |
_acilt _bnc _2rdacarrier |
||
| 490 | 1 |
_aGenel Yayın ; _vno.621. |
|
| 490 | 1 |
_aEdebiyat Dizisi ; _v227. |
|
| 650 | 0 |
_aTürkiye Siyaset ve yönetim 1918-1960. _97446 |
|
| 650 | 0 |
_aTurkey Politics and government 1918-1960. _96884 |
|
| 830 | 1 |
_aGenel Yayın ; _vno.621. _97447 |
|
| 830 | 1 |
_aEdebiyat Dizisi ; _v227. _96281 |
|
| 907 | _aTarih | ||
| 942 |
_2lcc _cBK |
||
| 999 |
_c2789 _d2789 |
||